Central Library OPAC University of Rajshahi

The political tradition of the West : (Record no. 33650)

MARC details
000 -LEADER
fixed length control field 00802nam a22002531 4500
001 - CONTROL NUMBER
control field 33650
003 - CONTROL NUMBER IDENTIFIER
rucl marc code BD-RjUL
005 - DATE AND TIME OF LATEST TRANSACTION
control field 20211209052034.0
008 - FIXED-LENGTH DATA ELEMENTS--GENERAL INFORMATION
fixed length control field 140510s1948 mau 000 0 eng d
035 ## - SYSTEM CONTROL NUMBER
System control number (BD-RjUL)33741
System control number (OCoLC)498206
040 ## - CATALOGING SOURCE
Original cataloging agency DLC
Transcribing agency ODaWU
Modifying agency OCoLC
-- DLC
-- BD-RjUL
Language of cataloging eng
041 ## - LANGUAGE CODE
Language code of text/sound track or separate title eng
082 00 - DEWEY DECIMAL CLASSIFICATION NUMBER
Classification number 323.4
Author mark and year WAP 1948
100 1# - MAIN ENTRY--PERSONAL NAME
Personal name Watkins, Frederick Mundell,
Dates associated with a name 1910-
9 (RLIN) 102164
245 14 - TITLE STATEMENT
Title The political tradition of the West :
Remainder of title a study in the development of modern liberalism /
Statement of responsibility, etc. Frederick Mundell Watkins
260 ## - PUBLICATION, DISTRIBUTION, ETC. (IMPRINT)
Place of publication, distribution, etc. Cambridge :
Name of publisher, distributor, etc. Harvard University Press,
Date of publication, distribution, etc. 1948.
300 ## - PHYSICAL DESCRIPTION
Pagination xiv, 368 p. ;
Size 22 cm.
650 #0 - SUBJECT ADDED ENTRY--TOPICAL TERM
Topical term or geographic name as entry element Liberalism.
9 (RLIN) 102165
Topical term or geographic name as entry element Political science
General subdivision History.
9 (RLIN) 102166
942 ## - ADDED ENTRY ELEMENTS (KOHA)
Source of classification or shelving scheme Dewey Decimal Classification
Koha item type Books
Holdings
Lost status Source of classification or shelving scheme Damaged status Not for loan Collection code Permanent Location Current Location Shelving location Date acquired Source of acquisition Cost, normal purchase price Total Checkouts Full call number Date last seen Copy number Koha item type
  Dewey Decimal Classification   Not For Loan Non-fiction Central Library, University of Rajshahi Central Library, University of Rajshahi Reading Room 01/08/1955 O. U. P 20.00   323.4 WAP 1948 10/05/2014 C-1 Books